000 00429cam a2200169ua 4500
020 _c143.00
041 _aeng
_h
082 _a150
_bMUR/US
100 _aMursell, L.James .
245 _aUsing your mind effectively /
_cMursell.L.James.
_hTextual Documents
260 _aNew York :
_bMc Graw Hill Book Company ,
_c1951.
300 _a264 ; .
365 _a143.00
504 _a
942 _cBK
999 _c1728
_d1728